| 000 | 00520nam a22001577a 4500 | ||
|---|---|---|---|
| 082 |
_a388.0973 _bKOC _cM-38,L-119 |
||
| 100 |
_aKockelman, Dr Kara _950862 |
||
| 245 | _aThe economics of transportation system : a reference for practitioners | ||
| 260 |
_aTexas, _bTaxas department of transportation, _c2013. |
||
| 300 | _aDifferent pages | ||
| 505 | _aMCE | ||
| 526 |
_a0 _b0 _c0 _d388_097300000000000_KOC |
||
| 526 |
_a0 _b0 _c0 _d388_097300000000000_KOC |
||
| 526 |
_a0 _b0 _c0 _d388_097300000000000_KOC |
||
| 942 |
_2ddc _cBK |
||
| 999 |
_c553592 _d553592 |
||